000 00900nam a2200217Ia 4500
003 GCL
008 140319s9999 xx 000 0 ara d
040 _aGCL /
_cGCL
082 0 4 _a956.7
_bف ط
100 1 _aفرهاد ابراهيم
245 1 0 _aالطائفية والسياسة فى العالم العربى : نموذج الشيعة فى العراق - رؤية فى موضوع الدين والسياسة فى المجتمع العربى /
_cفرهاد ابراهيم
300 _a470 ص
490 _aالهيئة العامة للاستعلامات
_v0
650 0 4 _aالاسلام والمذاهب السياسية
650 0 4 _aالفرق الاسلامية
650 0 4 _aالشيعة
650 0 4 _aالاسلام والسياسة
650 0 4 _aالعراق - تاريخ - العصر الحديث
650 0 4 _aالعراق - الاحوال السياسية
942 _2ddc
_cBK
999 _c48124
_d48124